| 000 | 01210cab a2200217 4500 | ||
|---|---|---|---|
| 001 | ##L134138 | ||
| 008 | 060713n2006 000 0 eng u | ||
| 035 | _a(Sirsi) u134138 | ||
| 041 | 0 | _aeng | |
| 110 | 2 |
_aEnglish Heritage _92714 |
|
| 245 | 0 | 0 |
_aBlackpool's chapel of thanks faces battle for future _h[electronic resource] |
| 260 | _c2006 | ||
| 490 | 0 |
_aGNN Press Release _v(GNN135374P) 10 July 2006 |
|
| 520 | _aAn historic chapel in Blackpool is one of four buildings in northwest England which have been added to the Buildings at Risk register for 2006. The register, which lists the most vulnerable Grade I and Grade II* buildings and Scheduled Ancient Monuments in the country, now consists of 1 273 entries comprising 1 411 items, compared to 1 428 entries and 1 615 items on the initial 1999 register. | ||
| 590 | _aIKA180706 | ||
| 650 | 2 | 4 | _aENGLISH HERITAGE BUILDINGS AT RISK REGISTER 2006 |
| 651 | 4 |
_aEngland _y886- |
|
| 690 | _aBUILT ENVIRONMENT-BUILDING TYPES-HISTORIC BUILDINGS AND ANCIENT MONUMENTS-LISTED BUILDINGS | ||
| 856 | 4 | 1 |
_uhttps://www.gov-news.org/gov/uk/news/blackpool39s_chapel_of_thanks_faces_battle/66206.html _zView the item free of charge at www.gov-news.org |
| 942 | _n0 | ||
| 999 |
_c77385 _d77385 |
||